Pri dosiahnutí optimálneho stupňa rozostavanosti sa v jednom roku má začať s výstavbou takého počtu bytov, aký sa v ďalšom roku dokončí

Situácia v bytovej výstavbe v SR. Finančná účasť štátu na bytovej výstavbe. Štátny fond rozvoja bývania (ŠFRB) a právnické osoby. Regulované nájomné. Potreba dokončovania bytov. Územnícka príprava novej výstavby. Organizácia investičného procesu.

Na minha lista:
Detalhes bibliográficos
Autor principal: Zverková, Daniela
Formato: Capítulo de Livro
Idioma:eslovaco
Assuntos:
Tags: Adicionar Tag
Sem tags, seja o primeiro a adicionar uma tag!

MARC

LEADER 00000naa a2200000 4500
001 r026351
005 20230921080352.1
041 0 |a slo 
044 |a SK 
245 1 0 |a Pri dosiahnutí optimálneho stupňa rozostavanosti sa v jednom roku má začať s výstavbou takého počtu bytov, aký sa v ďalšom roku dokončí  |c D. Zverková 
520 |a Situácia v bytovej výstavbe v SR. Finančná účasť štátu na bytovej výstavbe. Štátny fond rozvoja bývania (ŠFRB) a právnické osoby. Regulované nájomné. Potreba dokončovania bytov. Územnícka príprava novej výstavby. Organizácia investičného procesu. 
610 2 0 |a byty 
610 2 0 |a výstavba bytová 
610 2 0 |a rozostavanosť 
610 2 0 |a financovanie 
610 2 0 |a rozpočet štátny 
610 2 0 |a nájomné 
610 2 0 |a osoby právnické 
610 2 0 |a Štátny fond rozvoja bývania 
610 2 0 |a Slovensko 
100 1 |a Zverková, Daniela